00696nam a2200193Ia 450000500170000000800410001702000150005804000180007304100080009124501320009926000550023130000180028665000380030465000210034265000210036365000470038470000320043171000390046320211111074603.0130821s2005 ck gr spa  a9588255457 aCo-BoUCMbspa00aspa00aConvención Americana de derechos humanos doctrina y Jurisprudencia 1980 - 2005cCompiladores Omar Huertas Díaz...[et. al.] aBogotá (Colombia)b[Editorial desconocida]c2005 a883 páginas04aDerecho internacional humanitario04aDerechos civiles04aDerechos humanos04aDerechos humanosxConvenciones políticas1 aHuertas Díaz, Omarecomp.1 aUniversidad Autónoma de Colombia